|
|
|
|
| LEADER |
00000nab#a22000007a#4500 |
| 001 |
arbauad014678 |
| 003 |
AR-BaUAD |
| 005 |
20250711111405.0 |
| 008 |
951026|||||||||###||||||b###|0###a|spa|| |
| 040 |
|
|
|a AR-BaUAD
|c AR-BaUAD
|b spa
|
| 100 |
|
|
|a Jokela, Olli Pekka
|
| 245 |
|
|
|a Government office building :
|b Rauma /
|c Olli Pekka Jokela; Pentti Kareoja;
|
| 300 |
0 |
|
|b fot
|
| 500 |
|
|
|a Oficina de Gobierno de Rauma, Finlandia.
|
| 653 |
|
|
|a FINLANDIA
|
| 653 |
|
|
|a EDIFICIOS PUBLICOS
|
| 653 |
|
|
|a MUNICIPALIDADES
|
| 700 |
1 |
|
|a Kareoja, Pentti
|
| 773 |
0 |
|
|t FORM FUNCTION
|g no. 1 [1995], p. 34-41
|
| 942 |
|
|
|c ARTI
|
| 952 |
|
|
|0 0
|1 0
|4 0
|7 0
|9 59598
|a AR-BAuAD
|b AR-BAuAD
|d 2025-07-11
|l 0
|p AAQA014678
|r 2025-07-11 11:14:05
|w 2025-07-11
|y ARTI
|
| 990 |
|
|
|a AQ199
|b TD
|
| 998 |
|
|
|a AAQ
|b BIBUN76
|
| 999 |
|
|
|c 39271
|d 39271
|